| 000 | nam a22 7a 4500 | ||
|---|---|---|---|
| 999 |
_c44117 _d44117 |
||
| 003 | OSt | ||
| 005 | 20180503111614.0 | ||
| 008 | 180503b xxu||||| |||| 00| 0 eng d | ||
| 040 | _cIIMT UNIVERSITY, MEERUT | ||
| 050 | _a624.252BAR | ||
| 082 |
_215TH _a624.252BAR _b300 |
||
| 100 | _aBARE ACT | ||
| 245 |
_aTHE ENVIRONMENT PROTECTION ACT,1986 _cEDITOR _hENGLISH/DIGLOT |
||
| 250 | _a15TH | ||
| 260 |
_aALLAHABAD _bUNIVERSAL LAW _c2010 |
||
| 300 | _b15TH ED.368 P P. | ||
| 760 | _b15TH ED | ||
| 856 | _3PAPERBACK | ||
| 887 | _2ACCESSION REGISTER | ||
| 942 |
_2ddc _c01 _e15TH _hTITLE _iBOOK _k624.252BAR _m624.252BAR |
||